000 00737nam a2200181 i 4500
001 155166
003 ES-MaACL
005 20250804063428.0
008 991025s1900 sp |||| | spa d
040 _aCCPB | B
_bspa
_cCCPB | B
100 1 _aHazañas y La Rúa, Joaquín,
_d1862-1934
_962227
245 1 0 _aMaese Rodrigo Fernández de Santaella
_b: fundador de la Universidad de Sevilla /
_cpor Joaquin Hazañas y la Rua.
260 _aSevilla :
_b[s.n.],
_c1900 (
_fImprenta de Izquierdo y Compª.)
300 _a46 p. ;
_c22 cm.
600 0 4 _aFernández de Santaella, Rodrigo.
_949712
852 _aES-MaACL
_jT-1013-F-4
_z-- Enc. hol. conservando la enc. editorial
_z-- Enc. en un vol. facticio
999 _c155166
_d155166